Vztahy se mění ČR a Světová banka

Vznik Svetovej banky (World Bank). Charakteristika Svetovej banky. Medzinárodná banka pre obnovu a rozvoj (IBRD) a Medzinárodné združenie pre rozvoj (IDA). Poskytovanie pôžičiek - komu a na čo? Česká republika a pôžičky. Organizačná štruktúra Svetovej banky. Od 1.4.1994 má ČR svojho zástupcu vo Svet...

Full description

Saved in:
Bibliographic Details
Main Author: Bautzová, Libuše
Format: Book Chapter
Language:Czech
Subjects:
Tags: Add Tag
No Tags, Be the first to tag this record!

MARC

LEADER 00000naa a2200000 4500
001 r014594
005 20221205090046.7
041 0 |a cze 
044 |a CZ 
245 1 0 |a Vztahy se mění  |b ČR a Světová banka  |c Libuše Bautzová 
520 |a Vznik Svetovej banky (World Bank). Charakteristika Svetovej banky. Medzinárodná banka pre obnovu a rozvoj (IBRD) a Medzinárodné združenie pre rozvoj (IDA). Poskytovanie pôžičiek - komu a na čo? Česká republika a pôžičky. Organizačná štruktúra Svetovej banky. Od 1.4.1994 má ČR svojho zástupcu vo Svetovej banke. 
610 2 0 |a banky 
610 2 0 |a IBRD 
610 2 0 |a IDA 
610 2 0 |a pôžičky zahraničné 
610 2 0 |a Česko 
100 1 |a Bautzová, Libuše